000 00303nam a22001337a 4500
008 171024b xxu||||| |||| 00| 0 eng d
020 _a9780750657662
041 _aeng
080 _25TH
_a311
100 _a55
101 _aSTA
245 _aSTATISTICAL PROCESS CONTROL
_cOAKLAND,J.S
942 _2udc
_cBK
999 _c35740
_d35740